| 000 | 00587nam a2200181 i 4500 | ||
|---|---|---|---|
| 001 | 105729 | ||
| 003 | ES-MaACL | ||
| 007 | t| | ||
| 008 | 060811s1955 fr ||||1| fre d | ||
| 080 | _a34.096 Dreyfus, Alfred | ||
| 100 | 1 |
_aPaléologue, Maurice. _988547 |
|
| 245 | 1 | 0 |
_aJournal de l'affaire Dreyfus, 1894-1899 _b: l'affaire Dreyfus et le Quai d'Orsay / _cMaurice Paléologue. |
| 260 |
_aParis : _bPlon, _c[1955] |
||
| 300 |
_aIV, 273 p. ; _c20 cm. |
||
| 500 | _aBiblioteca Juan Andrade. | ||
| 600 | 1 | 4 |
_aDreyfus, Alfred- _xProcesos. _945617 |
| 852 |
_aES-MaACL _jAND-546 _bR.109845 |
||
| 999 |
_c105729 _d105729 |
||